Films avec Anaïs Demoustier par image - Statistiques

Statistiques générales
  • Ce quiz a été pris 25 fois
  • Le résultat moyen est 4 sur 16
Statistiques - réponses
Par images Réponse % Correct
Le Comte de Monte-Cristo
84%
Fumer fait tousser
64%
Sauver ou périr
52%
Novembre
40%
Daaaaaalí !
32%
Alice et le Maire
24%
Incroyable mais vrai
24%
Bird People
16%
La Belle Personne
12%
La Pièce rapportée
12%
Les Malheurs de Sophie
12%
Une nouvelle amie
12%
A trois on y va
8%
D’amour et d’eau fraîche
8%
Situation amoureuse : C'est compliqué
8%
Les Grandes Personnes
4%
Aucun quiz correspondant
Distribution des résultats
% des personnes avec chaque résultat
Percentile par nombre de réponses
Votre historique - résultats
Vous n’avez pas pris ce quiz